Huellas en la arena : (Record no. 114725)

MARC details
000 -LEADER
campo de control de longitud fija 01095nam a2200289 i 4500
001 - NÚMERO DE CONTROL
campo de control 114725
003 - IDENTIFICADOR DE NÚMERO DE CONTROL
campo de control ES-MaACL
005 - FECHA Y HORA DE LA ÚLTIMA TRANSACCIÓN
campo de control 20250828090939.0
007 - CAMPO FIJO DE DESCRIPCIÓN FÍSICA--INFORMACIÓN GENERAL
campo de control de longitud fija t|
008 - DATOS DE LONGITUD FIJA--INFORMACIÓN GENERAL
campo de control de longitud fija 070322s1952 sp ||||1| spa d
080 ## - NÚMERO DE LA CLASIFICACIÓN DECIMAL UNIVERSAL
Número de la Clasificación Decimal Universal 929 Francisco Javier, Santo (0:82)
080 ## - NÚMERO DE LA CLASIFICACIÓN DECIMAL UNIVERSAL
Número de la Clasificación Decimal Universal 821.134.2-31"19"
100 1# - ENTRADA PRINCIPAL--NOMBRE DE PERSONA
Nombre de persona Adro Xavier,
9 (RLIN) 18481
Fechas asociadas al nombre 1910-1998
245 10 - MENCIÓN DEL TÍTULO
Título Huellas en la arena :
Resto del título San Xavier en la India, impresiones de viaje /
Mención de responsabilidad, etc. Adro Xavier.
260 ## - PUBLICACIÓN, DISTRIBUCIÓN, ETC.
Lugar de publicación, distribución, etc. Madrid :
Nombre del editor, distribuidor, etc. Sociedad de Educación Atenas,
Fecha de publicación, distribución, etc. [1952]
300 ## - DESCRIPCIÓN FÍSICA
Extensión 252 p., 6 lám. ;
Dimensiones 20 cm.
490 1# - MENCIÓN DE SERIE
Mención de serie Colección Bombay ;
Designación de volumen o secuencia 1
594 ## - Nota al título y mención de responsabilidad
Nota al título y mención de responsabilidad Adro Xavier: seud. de Alejandro Rey-Stolle Pedrosa.
600 04 - PUNTO DE ACCESO ADICIONAL DE MATERIA--NOMBRE DE PERSONA
Nombre de persona Francisco Javier
Títulos y otros términos asociados al nombre , Santo-
Subdivisión de forma Novelas
9 (RLIN) 52198
710 2# - ENTRADA AGREGADA--NOMBRE DE ENTIDAD CORPORATIVA
Nombre de entidad corporativa o nombre de jurisdicción como elemento de entrada Sociedad de Educación Atenas
9 (RLIN) 6665
830 1# - PUNTO DE ACCESO ADICIONAL DE SERIE-TÍTULO UNIFORME
Título uniforme Colección Bombay ;
Designación de volumen o secuencia 1
9 (RLIN) 185779
852 ## - LOCALIZACIÓN
Ubicación ES-MaACL
Número de control de estantería D-6267
Sublocalización o colección R.32017
-- R.M.5862
Ubicación en estantería Sala Valle Inclán
Signatura antigua Olim: A-71
Marcas de propiedad Sello en tinta azul de la Biblioteca del Ateneo de Madrid
itemnumber 119029
942 ## - ELEMENTOS DE ENTRADA SECUNDARIOS (KOHA)
Fuente del sistema de clasificación o colocación Clasificación decimal universal
Tipo de ítem Koha Libro impreso
Holdings
Estatus retirado Estado de pérdida Estado de daño No para préstamo Biblioteca de origen Biblioteca actual Ubicación en estantería Fecha de adquisición Fuente de adquisición Total de préstamos Signatura topográfica completa Código de barras Visto por última vez Precio de reemplazo Tipo de ítem Koha
        Biblioteca del Ateneo de Madrid Biblioteca del Ateneo de Madrid Sala Valle Inclán 17/01/2008     D-6267 901119637 23/02/2023 23/02/2023 Libro impreso